000 01234nam a2200313 a 4500
001 000009766
003 DO-SdBNP
005 20240412074213.0
008 091001s1986 dr a r 001 p spa d
040 _aDO-SdBNP
_bspa
_cBNPHU
082 4 _aRD861.44
_bC355a, 1986
100 _aCastro, Tomás,
_d1959-
_924641
245 1 0 _aAmor a quemarropa :
_bEntrega inmediata y otros incendios /
_cTomás Castro
246 1 _aAmor a quema rropa
250 _a4a. ed.
260 _aSanto Domingo :
_bUniversitaria,
_c1986.
300 _a119, 96 p. :
_bil.;
_c21 cm.
490 1 _aPublicaciones de la Universidad Autónoma de Santo Domingo
_v509, 510
490 1 _aArte y sociedad
_v24, 25
501 _aPublicado con: Entrega inmediata y otros incendios (2a. ed.)
563 _aDos obras con paginación independiente en encuadernación invertida.
590 _aInventariado, 2018/BT
650 0 _aPoesía dominicana
_966
650 0 _aLiteratura dominicana.
_967
700 1 2 _aCastro, Tomás,
_d1959-
_tEntrega inmediata y otros incendios
_924675
830 0 _aPublicaciones de la Universidad Autónoma de Santo Domingo
_v509, 510
_pArte y sociedad
_n24, 25
_924676
910 _aValidado. Control de calidad. MMOLINA
942 _2ddc
_cLBS1
999 _c9526
_d9526